000 01454nam a2200397 i 4500
001 35481
003 KOSZ 005
005 20200910101911.0
008 960606s1994 pl f |000 0 pol
040 _cKOSZ 005
_aKOSZ 005
_dKOSZ 005/HR
041 0 _apol
_beng
_bger
046 _k1994
080 _a620.1
080 _a678.6
100 1 _aKotnarowska, Danuta
_d(1947- )
_eAutor
245 1 0 _aWpływ procesu starzenia na trwałość powłoki epoksydowej /
_cDanuta Kotnarowska.
260 _aRadom :
_bWydawnictwo WSI,
_c1994.
300 _a206 stron :
_brysunki, wykresy ;
_c24 cm.
336 _2rdacontent
_aTekst
_btxt
337 _2rdamedia
_aBez urządzenia pośredniczącego
_bn
338 _2rdacarrier
_aWolumin
_bnc
380 _aKsiążki
380 _aPublikacje naukowe
388 _a1901-2000
388 _a1989-2000
490 1 _aMonografie,
_xISSN 0867-8138 ;
_vnr 12/1994
650 4 _aPowłoki ochronne
650 4 _aWytrzymałość materiałów
650 4 _aŻywice epoksydowe
650 4 _aZużycie (materiałoznawstwo)
658 _aInżynieria i technika
710 _aWyższa Szkoła Inżynierska im. Kazimierza Pułaskiego (Radom)
_4pbl
830 _aMonografie - Wyższa Szkoła Inżynierska im. Kazimierza Pułaskiego
_vnr 12
856 _uhttp://koha.tu.koszalin.pl/cgi-bin/koha/opac-detail.pl?biblionumber=35481
_yKatalog online BPK
942 _cKS
_2UKD
999 _c35481
_d35481